000
00303nam a22001217a 4500
008
190311b xxu||||| |||| 00| 0 eng d
041
_a
eng
080
_a
043.3
100
_a
0
101
_a
SHJ-BA
245
_a
Strategjia e Luftimit te Terrorizmit ne Republiken e Kosoves
_c
Pllana, I
942
_2
udc
_c
BK
999
_c
54698
_d
54698